NHL First Team Allstars 1990s - Statistics

General Stats
  • This quiz has been taken 87 times
  • The average score is 19 of 28
Answer Stats
Player % Correct
Wayne Gretzky
100%
Mario Lemieux
98%
Jaromir Jagr
95%
Patrick Roy
91%
Ray Bourque
88%
Dominik Hašek
86%
Mark Messier
86%
Al MacInnis
79%
Paul Coffey
79%
Teemu Selanne
77%
Brett Hull
75%
Luc Robitaille
73%
Pavel Bure
73%
Ed Belfour
71%
Sergei Fedorov
71%
Chris Chelios
68%
Eric Lindros
68%
Kevin Stevens
66%
Scott Stevens
66%
Peter Forsberg
61%
Brendan Shanahan
59%
Brian Leetch
57%
Nicklas Lidstrom
55%
Paul Kariya
52%
Rob Blake
50%
John LeClair
41%
Jim Carey
39%
Sandis Ozolins
18%
No matching quizzes found
Score Distribution
Percent of People with Each Score
Percentile by Number Answered
Your Score History
You have not taken this quiz